| 000 | 00834 a2200217 4500 | ||
|---|---|---|---|
| 001 | 133679 | ||
| 020 | _a85-262-1730-5 | ||
| 040 | _cLeonardo Da Vinci | ||
| 041 | _aPortuguês | ||
| 082 |
_aJ R342o _bR342o |
||
| 100 | _aAVÉROUS, Pierre | ||
| 245 | _aDe olho no céu e na terra | ||
| 250 | _a3.ed | ||
| 260 |
_bScipione _c1994 _aSão Paulo |
||
| 300 | _a60 | ||
| 362 | _a19940000 | ||
| 490 | _aRespostas a pequenas curiosidades | ||
| 500 |
_aLuiz Cláudio de Castro (Tradução) _aMarie-Marthe Collin (Ilustração) |
||
| 697 |
_aLiteratura juvenil _aCiências _aVento _aNúvem _aFumaça _aVapor _aChuva _aNeve _aRelâmpagos _aRaios _aTrovão _aChuva _aÁgua _aSol _aArco-íris _aCéu _aSerras _aTerra _aContinentes _aCaverna _aNoite _aMontanhas _aLua _aAvião _aFoguete _aAstronauta _aEstrela _aCuriosidades _aDúvida _aEsclarecimentos |
||
| 942 | _cBK | ||
| 999 |
_c133679 _d133679 |
||